000 00427nam a22001817a 4500
003 MPLRDC
005 20220104143227.0
008 210129b ||||| |||| 00| 0 eng d
020 _a7-5408-0222-7
082 _a528.956 LXX
100 _a罗兴贤,王蒲编著
245 _a乒乓球
_c
250 _a一版一刷
260 _a
_b四川教育出版社
_c1988
300 _b
650 _a
942 _cBK
_o528.956 LXX
999 _c37841
_d37831